Syarahan
| Main Author: | |
|---|---|
| Format: | Book |
| Published: |
Seremban :
Advantage Publications ,
2020
|
| Series: | Siri mahir penulisan
|
| Subjects: |
MARC
| LEADER | 00000cam a2200000 7i4500 | ||
|---|---|---|---|
| 001 | 0000278270 | ||
| 005 | 20210121093754.0 | ||
| 020 | |a 9789672252276 | ||
| 090 | 0 | 0 | |a JF |b AIM |
| 100 | 0 | |a Aimi Fazlah | |
| 245 | 1 | 0 | |a Syarahan |c Aimi Fazlah |
| 260 | |a Seremban : |b Advantage Publications , |c 2020 | ||
| 300 | |a 30p. : |b ill. ; |c 26cm. | ||
| 490 | 0 | |a Siri mahir penulisan | |
| 650 | 0 | |a Children's stories, Malay | |
| 999 | |a 00377427 |b BUKU |c PINJAMAN |e PERPUSTAKAAN KOMUNITI CAW KOTA DAMANSARA | ||